Rulers of Europe in 867 AD - Statistics

General Stats
  • This quiz has been taken 97 times
  • The average score is 6 of 52
Answers on the Map
Answers color-coded by a green-red scale on the quiz's map according to % correct below.
 
Answer Stats
Country Ruler Dynasty % Correct
Kingdom of West Francia Charles the Bald Carolingian
69%
Kingdom of East Francia Louis the German Carolingian
60%
Kingdom of Italy Louis the Younger Carolingian
54%
Byzantine Empire Basil the Macedonian Macedonian
39%
Kingdom of Vestfold Harald Fairhair Yngling
38%
Kingdom of Wessex Æthelred I Wessex
30%
Kingdom of Alba Constantine I Alpin
28%
Principality of Novgorod Rurik Rurikid
25%
First Bulgarian Empire Boris I Krum
20%
Kingdom of Sweden Björn Ironside Sigfredian
19%
Kingdom of the Suðreyjar Ivar the Boneless Sigfredian
19%
Emirate of Córdoba Muhammad I Umayyad
19%
Emirate of Africa Muhammad II Aghlabid
19%
Kingdom of Asturias Alfonso the Great Asturleonese
16%
Zealand / Scania / Halland / Viken Sigurd Snake-in-the-Eye Sigfredian
15%
Norse Kingdom of Dublin Olaf -
14%
Hordaland Eirik -
13%
Duchy of Naples Gregory III -
13%
Magyars (tribe) Álmos Árpád
11%
Kingdom of Lotharingia Lothaire II Carolingian
10%
Kingdom of East Anglia Edmund the Martyr -
8%
Kingdom of Gwynedd Rhodri the Great -
8%
Duchy of Croatia Domagoj Domagojević
6%
Principality of Serbia Mutimir Vlastimirović
6%
Kingdom of Pamplona García I Íñiguez
5%
Khazar Khaganate Manasseh II Bulanid
5%
Great Moravia Rostislav Mojmír
5%
Polans (tribe) Siemowit Piast
5%
High Kingdom of Ireland Áed Findliath Cenél nEógain
4%
Kingdom of Denmark Bagsecg -
4%
Most Serene Republic of Venice Orso I Participazio -
4%
Papacy Adrian II -
3%
Kingdom of Mercia Burghred Mercia
3%
Rogaland Heljarskinn -
3%
Kingdom of Glywysing Hywel -
3%
Principality of Balaton Kocel -
3%
Emirate of Crete Shu'ayb ibn Umar Hafsid
3%
Sorbs (tribe) Slavibor -
3%
Principality of Benevento Adelchis Radelchis
1%
Kingdom of Strathclyde Arthgal -
1%
Kingdom of Cornwall Dungarth -
1%
Kingdom of Jórvík Ecgberht I -
1%
Kingdom of Brycheiniog Elisedd -
1%
Principality of Salerno Guaifer Daufer
1%
Kingdom of Seisyllwg Gwgon -
1%
Westrogothia Hrane the Geat -
1%
Kingdom of Dyfed Hyfaidd -
1%
Kingdom of Agder Kjotve the Rich -
1%
Principality of Travunia Krajina Belojević
1%
Kingdom of Gwent Meurig -
1%
Kingdom of Brittany Salomon -
1%
Emirate of Bari Sawdan Sawdanid
1%
No matching quizzes found
Score Distribution
Percent of People with Each Score
Percentile by Number Answered
Your Score History
You have not taken this quiz